[Event "EU-ch (Women) 11th"]
[Site "Rijeka"]
[Date "2010.03.06"]
[Round "1.25"]
[White "Mrvova, Alena"]
[Black "Muzychuk, Mariya"]
[Result "0-1"]
[WhiteElo "2239"]
[BlackElo "2444"]
[PlyCount "78"]
[EventDate "2010.03.06"]
[EventType "swiss"]
[EventRounds "11"]
[EventCountry "CRO"]
[SourceDate "2010.03.06"]

1. e4 c5 2. Nf3 e6 3. d4 cxd4 4. Nxd4 Nf6 5. Bd3 Nc6 6. Nxc6 bxc6 7. O-O e5 8.
Qf3 d6 9. h3 Be7 10. c4 O-O 11. Nc3 Be6 12. Ne2 d5 13. cxd5 cxd5 14. Ng3 g6 15.
Bh6 Re8 16. Bb5 Bd7 17. Bxd7 Qxd7 18. Rad1 d4 19. Nf5 gxf5 20. Qg3+ Ng4 21.
exf5 Qxf5 22. Qxg4+ Qg6 23. Rfe1 Bc5 24. Bd2 e4 25. Bf4 f5 26. Qe2 d3 27. Qd2
Rac8 28. Be3 Qf6 29. Bxc5 Rxc5 30. Qb4 Rec8 31. Re3 Kh8 32. Qa3 a6 33. Qb4 Rb5
34. Qa4 Rxb2 35. Rg3 Rb5 36. Rd2 f4 37. Rg4 h5 38. Rxf4 Qxf4 39. Qd4+ Qe5 0-1

[Event "EU-ch (Women) 11th"]
[Site "Rijeka"]
[Date "2010.03.06"]
[Round "1.26"]
[White "Kovalevskaya, Ekaterina"]
[Black "Jelica, Mara"]
[Result "1-0"]
[WhiteElo "2438"]
[BlackElo "2235"]
[PlyCount "63"]
[EventDate "2010.03.06"]
[EventType "swiss"]
[EventRounds "11"]
[EventCountry "CRO"]
[SourceDate "2010.03.06"]

1. Nf3 Nf6 2. c4 c5 3. Nc3 d5 4. cxd5 Nxd5 5. e4 Nxc3 6. dxc3 Qxd1+ 7. Kxd1 Nc6
8. Bc4 f6 9. Ke2 e5 10. Rd1 a6 11. Be3 b6 12. Rd2 Be7 13. Rad1 Bg4 14. h3 Bc8
15. a3 Rb8 16. b4 cxb4 17. axb4 g5 18. Ra2 b5 19. Bd5 Bb7 20. Nd2 Rc8 21. Nb3
Nd8 22. Bxb7 Nxb7 23. Rxa6 Rxc3 24. Ra7 Nd8 25. Bc5 Nc6 26. Ra8+ Kf7 27. Rxh8
Rxb3 28. Rxh7+ Ke8 29. Rh8+ Kf7 30. Rd7 Ke6 31. Rxe7+ Nxe7 32. Re8 1-0

[Event "EU-ch (Women) 11th"]
[Site "Rijeka"]
[Date "2010.03.06"]
[Round "1.27"]
[White "Haast, Anne"]
[Black "Moser, Eva"]
[Result "0-1"]
[WhiteElo "2235"]
[BlackElo "2437"]
[PlyCount "88"]
[EventDate "2010.03.06"]
[EventType "swiss"]
[EventRounds "11"]
[EventCountry "CRO"]
[SourceDate "2010.03.06"]

1. e4 e6 2. d4 d5 3. Nc3 Nf6 4. Bg5 dxe4 5. Nxe4 Be7 6. Bxf6 gxf6 7. Nf3 f5 8.
Ned2 c5 9. Nb3 cxd4 10. Nbxd4 Qb6 11. Bb5+ Bd7 12. Qe2 a6 13. Bxd7+ Nxd7 14.
O-O Nf6 15. c3 Ne4 16. Ne5 Bf6 17. Nc4 Qc5 18. f3 Bxd4+ 19. cxd4 Qxd4+ 20. Kh1
Nd6 21. Ne5 Rd8 22. Rfd1 Qb6 23. Qd2 Rg8 24. b3 Qc5 25. Qf4 f6 26. Nd3 Qc7 27.
Rac1 Qg7 28. g3 Qe7 29. Nc5 e5 30. Qd2 Kf7 31. Qd5+ Kg6 32. Ne6 Rc8 33. Rxc8
Nxc8 34. Nc5 Re8 35. Qxb7 Qxc5 36. h4 h5 37. g4 fxg4 38. fxg4 Ne7 39. gxh5+ Kh6
40. Qxa6 Qc6+ 41. Qxc6 Nxc6 42. Rd6 Nd4 43. Rxf6+ Kxh5 44. Kg2 Kxh4 0-1

[Event "EU-ch (Women) 11th"]
[Site "Rijeka"]
[Date "2010.03.06"]
[Round "1.28"]
[White "Khurtsidze, Nino"]
[Black "Papadopoulou, Vera"]
[Result "1-0"]
[WhiteElo "2434"]
[BlackElo "2228"]
[PlyCount "49"]
[EventDate "2010.03.06"]
[EventType "swiss"]
[EventRounds "11"]
[EventCountry "CRO"]
[SourceDate "2010.03.06"]

1. d4 Nf6 2. Nf3 e6 3. e3 b6 4. Bd3 Bb7 5. O-O c5 6. c4 Be7 7. Nc3 O-O 8. d5
exd5 9. cxd5 d6 10. e4 Nbd7 11. Re1 Re8 12. h3 Qc8 13. Bf4 Ba6 14. Bb5 Bxb5 15.
Nxb5 a6 16. Nc3 Ra7 17. Qd2 b5 18. Rad1 Rd8 19. Nh4 g6 20. Bh6 c4 21. Nf5 Ne5
22. Qd4 Qd7 23. Nxe7+ Qxe7 24. Bg5 Rb7 25. f4 1-0

[Event "EU-ch (Women) 11th"]
[Site "Rijeka"]
[Date "2010.03.06"]
[Round "1.29"]
[White "Gromova, Iulia"]
[Black "Foisor, Cristina Adela B"]
[Result "0-1"]
[WhiteElo "2226"]
[BlackElo "2433"]
[PlyCount "150"]
[EventDate "2010.03.06"]
[EventType "swiss"]
[EventRounds "11"]
[EventCountry "CRO"]
[SourceDate "2010.03.06"]

1. d4 Nf6 2. c4 e6 3. Nf3 d5 4. e3 Nbd7 5. Bd3 dxc4 6. Bxc4 a6 7. O-O b5 8. Bd3
c5 9. a4 c4 10. Be2 Bb7 11. b3 Rc8 12. Na3 Ne4 13. bxc4 Nc3 14. Qe1 Nxe2+ 15.
Qxe2 b4 16. Nb1 a5 17. c5 Qf6 18. Bb2 e5 19. Nfd2 Be7 20. Nc4 O-O 21. Qg4 Ba6
22. Nbd2 Qe6 23. Qxe6 fxe6 24. Rfe1 Bd8 25. Rac1 Bc7 26. g3 Bb7 27. f4 e4 28.
Nb3 Bd5 29. Rc2 h5 30. Ra1 Ra8 31. Nbd2 Nb8 32. Ne5 Bxe5 33. dxe5 Rc8 34. Bd4
Rc6 35. h3 Nd7 36. Rac1 Rac8 37. Nc4 Bxc4 38. Rxc4 Kf7 39. g4 g6 40. Kg2 R8c7
41. Kg3 Rc8 42. gxh5 gxh5 43. Kh4 Rg8 44. R4c2 Nf8 45. f5 exf5 46. Rf1 Ng6+ 47.
Kxh5 Ne7 48. e6+ Kxe6 49. Rff2 Rcc8 50. Rg2 Nc6 51. Bb2 Ne5 52. Rxg8 Rxg8 53.
c6 Nd3 54. Bd4 f4 55. c7 Rc8 56. exf4 Nxf4+ 57. Kg4 Nd3 58. h4 Kd5 59. Bb6 Ne5+
60. Kf5 Nc4 61. Bg1 Rxc7 62. Kf6 Rc6+ 63. Kg7 b3 64. Rc1 Ne5 65. Rb1 Rg6+ 66.
Kh7 b2 67. h5 Rg2 68. h6 Kc4 69. Rd1 Nd3 70. Kh8 Nc1 71. Rd4+ Kb3 72. Rd7 Ka2
73. Rb7 Rxg1 74. h7 Rh1 75. Kg8 b1=Q 0-1

[Event "EU-ch (Women) 11th"]
[Site "Rijeka"]
[Date "2010.03.06"]
[Round "1.30"]
[White "Vasilevich, Tatjana"]
[Black "Makropoulou, Marina"]
[Result "0-1"]
[WhiteElo "2414"]
[BlackElo "2225"]
[PlyCount "108"]
[EventDate "2010.03.06"]
[EventType "swiss"]
[EventRounds "11"]
[EventCountry "CRO"]
[SourceDate "2010.03.06"]

1. d4 Nf6 2. c4 e6 3. Nc3 Bb4 4. e3 c5 5. Bd3 Nc6 6. Nf3 O-O 7. O-O Bxc3 8.
bxc3 d6 9. e4 e5 10. h3 b6 11. Be3 Re8 12. d5 Ne7 13. Kh2 Ng6 14. g3 h6 15. Ng1
Bd7 16. Qc2 Qc8 17. Rae1 Rb8 18. Bc1 Qa6 19. f4 Qa4 20. Qg2 b5 21. f5 Nf8 22.
g4 bxc4 23. Bc2 Qxa2 24. g5 hxg5 25. Bxg5 N8h7 26. Bh6 Kf8 27. Bxg7+ Ke7 28.
Bh6 Qa5 29. Qf3 Rb2 30. Re2 Rg8 31. Bd1 Rxe2+ 32. Nxe2 Qa2 33. Kh1 Ng5 34. Bxg5
Rxg5 35. Ng3 Qd2 36. Rg1 a5 37. Nf1 Rxg1+ 38. Kxg1 Qe1 39. Bc2 a4 40. Qe3 Qxe3+
41. Nxe3 a3 42. Bb1 Nxe4 43. Bxe4 a2 44. Nc2 Kf6 45. Kf2 Bxf5 46. Bxf5 Kxf5 47.
Ke3 Kg5 48. Kd2 f5 49. Kc1 f4 50. Kb2 f3 51. Ne3 f2 52. Kxa2 Kf4 53. Nf1 e4 54.
h4 e3 0-1

[Event "EU-ch (Women) 11th"]
[Site "Rijeka"]
[Date "2010.03.06"]
[Round "1.31"]
[White "Isgandarova, Khayala"]
[Black "Romanko Guseva, Marina"]
[Result "0-1"]
[WhiteElo "2224"]
[BlackElo "2409"]
[PlyCount "48"]
[EventDate "2010.03.06"]
[EventType "swiss"]
[EventRounds "11"]
[EventCountry "CRO"]
[SourceDate "2010.03.06"]

1. e4 c5 2. Nc3 d6 3. g3 Nc6 4. Bg2 g6 5. d3 Bg7 6. Be3 Rb8 7. Qd2 b5 8. Nf3 b4
9. Nd1 e5 10. O-O Nge7 11. Bh6 O-O 12. Bxg7 Kxg7 13. Ne3 Bd7 14. c3 Qa5 15. Nc4
Qc7 16. Rac1 Be6 17. Ng5 Bxc4 18. dxc4 h6 19. Nh3 bxc3 20. bxc3 Na5 21. Qe2 Nc8
22. f4 f6 23. g4 g5 24. fxg5 hxg5 0-1

[Event "EU-ch (Women) 11th"]
[Site "Rijeka"]
[Date "2010.03.06"]
[Round "1.32"]
[White "Zawadzka, Jolanta"]
[Black "Schut, Lisa"]
[Result "1-0"]
[WhiteElo "2404"]
[BlackElo "2224"]
[PlyCount "67"]
[EventDate "2010.03.06"]
[EventType "swiss"]
[EventRounds "11"]
[EventCountry "CRO"]
[SourceDate "2010.03.06"]

1. e4 c5 2. Nf3 d6 3. d4 cxd4 4. Nxd4 Nf6 5. Nc3 a6 6. Be3 e5 7. Nb3 Be7 8. h3
Be6 9. f4 exf4 10. Bxf4 Nc6 11. Qe2 Ne5 12. O-O-O Qc7 13. g4 Rc8 14. g5 Nfd7
15. Qg2 b5 16. Kb1 O-O 17. Nd5 Bxd5 18. exd5 Ng6 19. Bc1 Nh4 20. Qe4 Rfe8 21.
Bd3 Ng6 22. Qg2 Nc5 23. Nxc5 Qxc5 24. h4 Bf8 25. h5 Ne5 26. Bf5 Rc7 27. g6 Kh8
28. Rdf1 Nc4 29. gxf7 Rxf7 30. Qg6 hxg6 31. hxg6+ Kg8 32. gxf7+ Kxf7 33. Be6+
Kg6 34. Bf7# 1-0

[Event "EU-ch (Women) 11th"]
[Site "Rijeka"]
[Date "2010.03.06"]
[Round "1.33"]
[White "Fuchs, Judith"]
[Black "Peng, Zhaoqin"]
[Result "1/2-1/2"]
[WhiteElo "2222"]
[BlackElo "2401"]
[PlyCount "53"]
[EventDate "2010.03.06"]
[EventType "swiss"]
[EventRounds "11"]
[EventCountry "CRO"]
[SourceDate "2010.03.06"]

1. e4 e6 2. d4 d5 3. Nc3 Nf6 4. e5 Nfd7 5. f4 c5 6. Nf3 Nc6 7. Be3 Be7 8. Qd2
O-O 9. dxc5 Bxc5 10. O-O-O Qa5 11. Bxc5 Nxc5 12. Kb1 Bd7 13. Bd3 Rab8 14. Ng5
h6 15. h4 b5 16. Nf3 Rfd8 17. g4 b4 18. Ne2 Ne4 19. Bxe4 dxe4 20. Nfd4 Ne7 21.
Qe3 Nd5 22. Qxe4 Rb6 23. Nb3 Qa4 24. Nc5 Qa5 25. Nb3 Qa4 26. Nc5 Qa5 27. Nb3
1/2-1/2

[Event "EU-ch (Women) 11th"]
[Site "Rijeka"]
[Date "2010.03.06"]
[Round "1.35"]
[White "Ivakhinova, Inna"]
[Black "Savina, Anastasia"]
[Result "1/2-1/2"]
[WhiteElo "2218"]
[BlackElo "2391"]
[PlyCount "86"]
[EventDate "2010.03.06"]
[EventType "swiss"]
[EventRounds "11"]
[EventCountry "CRO"]
[SourceDate "2010.03.06"]

1. d4 Nf6 2. c4 g6 3. Nc3 Bg7 4. e4 d6 5. Be2 O-O 6. Nf3 Na6 7. O-O e5 8. Be3
Ng4 9. Bg5 Qe8 10. c5 h6 11. Bh4 exd4 12. Nd5 g5 13. Bxa6 gxh4 14. Nxc7 Qc6 15.
Nxa8 bxa6 16. cxd6 Qxa8 17. Re1 h3 18. Nxd4 Rd8 19. gxh3 Ne5 20. Qh5 Rxd6 21.
Rad1 Rg6+ 22. Kh1 Rg5 23. Qe2 Bxh3 24. Rg1 Ng6 25. Qe3 Rxg1+ 26. Rxg1 Qd8 27.
Ne2 Qd7 28. f4 Bg4 29. f5 Ne5 30. h3 Bf3+ 31. Kh2 Bxe2 32. Qxe2 Qd6 33. Rg3 Kh7
34. Kg2 Bf6 35. Ra3 Qd8 36. Rxa6 Qg8+ 37. Kf1 Qg5 38. Rxa7 Qf4+ 39. Kg2 Bh4 40.
Ra3 Qg5+ 41. Kh2 Qf4+ 42. Kg1 Qc1+ 43. Kh2 Qg5 1/2-1/2

[Event "EU-ch (Women) 11th"]
[Site "Rijeka"]
[Date "2010.03.06"]
[Round "1.36"]
[White "Zdebskaja, Natalia"]
[Black "Brunello, Marina"]
[Result "0-1"]
[WhiteElo "2390"]
[BlackElo "2217"]
[PlyCount "56"]
[EventDate "2010.03.06"]
[EventType "swiss"]
[EventRounds "11"]
[EventCountry "CRO"]
[SourceDate "2010.03.06"]

1. e4 c5 2. Nf3 d6 3. d4 cxd4 4. Nxd4 Nf6 5. Nc3 a6 6. a4 e5 7. Nf3 h6 8. Bc4
Be7 9. O-O Nc6 10. h3 O-O 11. Qe2 Be6 12. Nd5 Bxd5 13. exd5 Nb8 14. Nh4 Re8 15.
Ra3 Bf8 16. Nf5 Nbd7 17. Rg3 Kh7 18. Qe3 Rc8 19. Ba2 e4 20. Qe2 g6 21. Nd4 Bg7
22. Rd1 Nh5 23. Re3 Nc5 24. Bb3 Nf4 25. Qg4 Be5 26. Rg3 h5 27. Qg5 f6 28. Qh4
g5 0-1

[Event "EU-ch (Women) 11th"]
[Site "Rijeka"]
[Date "2010.03.06"]
[Round "1.37"]
[White "Hoolt, Sarah"]
[Black "Lomineishvili, Maia"]
[Result "1/2-1/2"]
[WhiteElo "2215"]
[BlackElo "2385"]
[PlyCount "107"]
[EventDate "2010.03.06"]
[EventType "swiss"]
[EventRounds "11"]
[EventCountry "CRO"]
[SourceDate "2010.03.06"]

1. e4 c5 2. Nf3 d6 3. d4 cxd4 4. Nxd4 Nf6 5. Nc3 Nc6 6. g3 g6 7. Nde2 Bg7 8.
Bg2 O-O 9. O-O Rb8 10. a4 a6 11. Nd5 b5 12. axb5 axb5 13. c3 Nd7 14. Bg5 Re8
15. Nd4 Nde5 16. h3 h6 17. Be3 e6 18. Nb4 Nxb4 19. cxb4 Bd7 20. b3 Nc6 21. Qd2
h5 22. Rfc1 Nxd4 23. Bxd4 Bf8 24. e5 d5 25. Bf1 Rc8 26. Bd3 Rxc1+ 27. Rxc1 Qb8
28. g4 hxg4 29. hxg4 Qd8 30. Kg2 Qh4 31. f3 Ra8 32. Rh1 Bxb4 33. Qc1 Ra2+ 34.
Bb2 Rxb2+ 35. Qxb2 Qg5 36. Kg3 Bd2 37. Qa1 Bf4+ 38. Kg2 Qxe5 39. Qa8+ Qb8 40.
Ra1 Kg7 41. Qxb8 Bxb8 42. Ra8 Bf4 43. Ra7 Bc6 44. Ra6 Bd7 45. Ra7 Bc6 46. Ra6
Bd7 47. Rb6 Be3 48. Rd6 Be8 49. Rd8 Bc6 50. Rb8 Kf6 51. Kf1 Ke7 52. Ke2 Ba7 53.
Rc8 Kd7 54. Rf8 1/2-1/2

[Event "EU-ch (Women) 11th"]
[Site "Rijeka"]
[Date "2010.03.06"]
[Round "1.38"]
[White "Kovanova, Baira"]
[Black "Djukic, Sandra"]
[Result "1-0"]
[WhiteElo "2385"]
[BlackElo "2214"]
[PlyCount "39"]
[EventDate "2010.03.06"]
[EventType "swiss"]
[EventRounds "11"]
[EventCountry "CRO"]
[SourceDate "2010.03.06"]

1. e4 c6 2. Nc3 d5 3. Nf3 dxe4 4. Nxe4 Nf6 5. Nxf6+ exf6 6. d4 Bd6 7. Be2 O-O
8. O-O Bg4 9. h3 Bh5 10. Nh4 Bxe2 11. Qxe2 g6 12. Re1 Nd7 13. Bh6 Re8 14. Qg4
Qa5 15. Nf3 f5 16. Qh4 Bf8 17. Bxf8 Nxf8 18. Re7 Qb4 19. Rae1 Ne6 20. R1xe6 1-0

[Event "EU-ch (Women) 11th"]
[Site "Rijeka"]
[Date "2010.03.06"]
[Round "1.39"]
[White "Kazimova, Narmin Nizami Qizi"]
[Black "Bojkovic, Natasa"]
[Result "1/2-1/2"]
[WhiteElo "2212"]
[BlackElo "2384"]
[PlyCount "48"]
[EventDate "2010.03.06"]
[EventType "swiss"]
[EventRounds "11"]
[EventCountry "CRO"]
[SourceDate "2010.03.06"]

1. Nf3 Nf6 2. c4 e6 3. Nc3 Bb4 4. Qc2 O-O 5. a3 Bxc3 6. Qxc3 b6 7. b4 Bb7 8.
Bb2 d6 9. g3 Nbd7 10. Bg2 c5 11. O-O Rc8 12. d3 Rc7 13. b5 d5 14. a4 d4 15. Qd2
Ne8 16. a5 Nd6 17. axb6 axb6 18. e3 dxe3 19. fxe3 f6 20. Ra4 Qe7 21. Nh4 Bxg2
22. Qxg2 Rd8 23. Rfa1 Nf7 24. Nf3 Nd6 1/2-1/2

[Event "EU-ch (Women) 11th"]
[Site "Rijeka"]
[Date "2010.03.06"]
[Round "1.40"]
[White "Bodnaruk, Anastasia"]
[Black "Umudova, Nargiz"]
[Result "1-0"]
[WhiteElo "2384"]
[BlackElo "2211"]
[PlyCount "85"]
[EventDate "2010.03.06"]
[EventType "swiss"]
[EventRounds "11"]
[EventCountry "CRO"]
[SourceDate "2010.03.06"]

1. e4 c5 2. Nf3 Nc6 3. Nc3 g6 4. d4 cxd4 5. Nxd4 Bg7 6. Be3 Nf6 7. Bc4 O-O 8.
Bb3 d6 9. f3 Na5 10. Qd2 Nxb3 11. axb3 Re8 12. g4 a6 13. Bg5 b5 14. O-O-O Bb7
15. h4 Qa5 16. Kb1 Rac8 17. Bxf6 Bxf6 18. g5 Bg7 19. h5 b4 20. Na2 Rc5 21. hxg6
hxg6 22. Nxb4 Rxg5 23. c3 Rh5 24. Nbc2 Rxh1 25. Rxh1 d5 26. e5 Bxe5 27. Qh6 e6
28. Ne3 Bg7 29. Qh7+ Kf8 30. f4 Qc7 31. Rf1 Qe7 32. Ng4 Rc8 33. Re1 Bxd4 34.
cxd4 Qc7 35. Qh8+ Ke7 36. Qf6+ Ke8 37. Rh1 Qe7 38. Rh8+ Kd7 39. Ne5+ Kd6 40.
Nxf7+ Kd7 41. Ne5+ Kd6 42. Qxe7+ Kxe7 43. Rh7+ 1-0

[Event "EU-ch (Women) 11th"]
[Site "Rijeka"]
[Date "2010.03.06"]
[Round "1.41"]
[White "Bogumil, Tatiana"]
[Black "Galojan, Lilit"]
[Result "0-1"]
[WhiteElo "2201"]
[BlackElo "2380"]
[PlyCount "119"]
[EventDate "2010.03.06"]
[EventType "swiss"]
[EventRounds "11"]
[EventCountry "CRO"]
[SourceDate "2010.03.06"]

1. d4 Nf6 2. Nf3 b6 3. g3 Bb7 4. Bg2 c5 5. c4 cxd4 6. Qxd4 g6 7. Nc3 Bg7 8. O-O
O-O 9. Qh4 d6 10. Bh6 Nbd7 11. Bxg7 Kxg7 12. Rac1 Rc8 13. Rfd1 Qc7 14. Nb5 Qb8
15. b3 a6 16. Nc3 Qa8 17. Qg5 h6 18. Qd2 Rc5 19. Ne1 Bxg2 20. Nxg2 b5 21. cxb5
axb5 22. b4 Re5 23. Ne3 Qa7 24. Qd4 Qxd4 25. Rxd4 Rc8 26. Rc2 Nb6 27. Kf1 Rxe3
28. fxe3 Na4 29. Nxa4 Rxc2 30. Nb6 Rxa2 31. Nd5 Ra1+ 32. Kg2 e6 33. Nc7 d5 34.
Nxb5 Ne4 35. Rd3 Rb1 36. Nc3 Rxb4 37. Nxe4 Rxe4 38. Kf3 Kf6 39. Ra3 Rc4 40. Ra7
g5 41. g4 h5 42. h3 h4 43. Rd7 Ra4 44. Kf2 Kg6 45. Rd6 Ra7 46. Kf3 Kf6 47. Rd8
Ke5 48. Rg8 f6 49. Rf8 Ra1 50. Kf2 Ra3 51. Rd8 Ke4 52. Rd6 e5 53. Rxf6 Rxe3 54.
Rf5 Rxh3 55. Rxg5 Rg3 56. Rh5 Rxg4 57. e3 d4 58. exd4 exd4 59. Rh8 Kd3 60. Kf3
0-1

[Event "EU-ch (Women) 11th"]
[Site "Rijeka"]
[Date "2010.03.06"]
[Round "1.42"]
[White "Matveeva, Svetlana"]
[Black "Danelia, Mariam"]
[Result "1/2-1/2"]
[WhiteElo "2373"]
[BlackElo "2199"]
[PlyCount "62"]
[EventDate "2010.03.06"]
[EventType "swiss"]
[EventRounds "11"]
[EventCountry "CRO"]
[SourceDate "2010.03.06"]

1. d4 Nf6 2. c4 g6 3. Nc3 d5 4. Bf4 Bg7 5. e3 O-O 6. Rc1 dxc4 7. Bxc4 c5 8.
dxc5 Qa5 9. Nge2 Qxc5 10. Qb3 Nc6 11. Nb5 Qh5 12. Ng3 Qh4 13. Nc7 e5 14. Bg5
Qxg5 15. h4 Qg4 16. Nxa8 Na5 17. Qb5 Nxc4 18. Rxc4 Bd7 19. Qb4 e4 20. Nc7 Bc6
21. Qd6 Nd7 22. Nd5 Be5 23. Qxe5 Nxe5 24. Nf6+ Kg7 25. Nxg4 Nxc4 26. b3 Nb6 27.
h5 f5 28. h6+ Kg8 29. Nh2 Rd8 30. Ne2 Bb5 31. Nd4 Bd3 1/2-1/2

[Event "EU-ch (Women) 11th"]
[Site "Rijeka"]
[Date "2010.03.06"]
[Round "1.43"]
[White "Van Weersel, Arlette"]
[Black "Molchanova, Tatjana"]
[Result "1/2-1/2"]
[WhiteElo "2197"]
[BlackElo "2369"]
[PlyCount "110"]
[EventDate "2010.03.06"]
[EventType "swiss"]
[EventRounds "11"]
[EventCountry "CRO"]
[SourceDate "2010.03.06"]

1. e4 c6 2. d4 d5 3. Nd2 dxe4 4. Nxe4 Bf5 5. Ng3 Bg6 6. h4 h6 7. Nf3 Nd7 8. h5
Bh7 9. Bd3 Bxd3 10. Qxd3 e6 11. Bd2 Ngf6 12. O-O-O Be7 13. Ne4 Nxe4 14. Qxe4
Nf6 15. Qe2 Qd5 16. c4 Qe4 17. Qxe4 Nxe4 18. Be3 Bf6 19. Rd3 O-O 20. Nd2 Nxd2
21. Rxd2 a6 22. d5 exd5 23. cxd5 cxd5 24. Rxd5 Rfd8 25. Rhd1 Rac8+ 26. Kb1 Rxd5
27. Rxd5 Rc7 28. g4 Kh7 29. f4 Re7 30. Bd2 g6 31. b3 gxh5 32. Rxh5 Re2 33. Kc1
Kg7 34. Rd5 Kg6 35. Rd6 Kg7 36. g5 hxg5 37. fxg5 Be7 38. Rb6 Rg2 39. Bc3+ Kg8
40. Rxb7 Bxg5+ 41. Kb1 Re2 42. a4 Re6 43. b4 Be3 44. b5 f5 45. bxa6 Rxa6 46.
Rb5 f4 47. Rf5 Rxa4 48. Kc2 Kh7 49. Rf6 Re4 50. Kd3 Re8 51. Kc2 Rd8 52. Be5
Rd2+ 53. Kc3 Rd5 54. Bxf4 Kg7 55. Rd6 Rxd6 1/2-1/2

[Event "EU-ch (Women) 11th"]
[Site "Rijeka"]
[Date "2010.03.06"]
[Round "1.44"]
[White "Majdan, Joanna"]
[Black "Semenova, Elena"]
[Result "1-0"]
[WhiteElo "2364"]
[BlackElo "2195"]
[PlyCount "57"]
[EventDate "2010.03.06"]
[EventType "swiss"]
[EventRounds "11"]
[EventCountry "CRO"]
[SourceDate "2010.03.06"]

1. e4 e5 2. Bc4 Nf6 3. d3 Nc6 4. Nf3 h6 5. O-O d6 6. c3 g6 7. Re1 Na5 8. Bb5+
c6 9. Ba4 b5 10. Bc2 c5 11. d4 Qc7 12. Nbd2 Bg7 13. h3 O-O 14. a4 b4 15. cxb4
cxb4 16. b3 exd4 17. Bb2 Nd5 18. exd5 d3 19. Bxg7 dxc2 20. Qc1 Kxg7 21. Ne4 Bf5
22. Qb2+ f6 23. Nd4 Rae8 24. Nb5 Qd7 25. Nbxd6 Bxe4 26. Nxe4 Qxd5 27. Nxf6
Rxe1+ 28. Rxe1 Qf7 29. Nd7+ 1-0

[Event "EU-ch (Women) 11th"]
[Site "Rijeka"]
[Date "2010.03.06"]
[Round "1.45"]
[White "Butuc, Maria"]
[Black "Girya, Olga"]
[Result "0-1"]
[WhiteElo "2194"]
[BlackElo "2362"]
[PlyCount "98"]
[EventDate "2010.03.06"]
[EventType "swiss"]
[EventRounds "11"]
[EventCountry "CRO"]
[SourceDate "2010.03.06"]

1. Nf3 c5 2. c4 Nc6 3. d4 cxd4 4. Nxd4 Nf6 5. Nc3 e6 6. a3 Bc5 7. Nb3 Be7 8. e4
O-O 9. Bd3 b6 10. O-O Bb7 11. f4 d6 12. Be3 Rc8 13. Kh1 Qc7 14. Qe2 Rfe8 15.
Nd2 Qb8 16. Nf3 g6 17. Rae1 Bf8 18. e5 Ng4 19. Bc1 Bg7 20. h3 Nh6 21. Nb5 dxe5
22. fxe5 Nf5 23. Bf4 Rcd8 24. Kh2 Ncd4 25. Nfxd4 Nxd4 26. Qe3 Nxb5 27. cxb5 Rd7
28. Bc4 Rc8 29. b3 Rc5 30. Kg1 Bd5 31. Be2 Rdc7 32. b4 Rc3 33. Qd4 Rxa3 34. Rc1
Ra2 35. Rxc7 Qxc7 36. Bf3 Bxf3 37. Rxf3 Rc2 38. Rd3 h5 39. Qd8+ Kh7 40. Qxc7
Rxc7 41. Rd4 g5 42. Bh2 h4 43. Kf2 Kg6 44. Re4 Rc2+ 45. Kf3 Rd2 46. Re3 Rd5 47.
Ra3 Bxe5 48. Bxe5 Rxe5 49. Rxa7 Rxb5 0-1

[Event "EU-ch (Women) 11th"]
[Site "Rijeka"]
[Date "2010.03.06"]
[Round "1.46"]
[White "Dworakowska, Joanna"]
[Black "Solic, Kristina"]
[Result "1/2-1/2"]
[WhiteElo "2356"]
[BlackElo "2192"]
[PlyCount "59"]
[EventDate "2010.03.06"]
[EventType "swiss"]
[EventRounds "11"]
[EventCountry "CRO"]
[SourceDate "2010.03.06"]

1. e4 c5 2. Nf3 Nc6 3. d4 cxd4 4. Nxd4 Nf6 5. Nc3 d6 6. Bc4 e6 7. Be3 Be7 8.
Qe2 a6 9. Bb3 Qc7 10. O-O-O Na5 11. g4 b5 12. g5 Nxb3+ 13. axb3 Nd7 14. h4 b4
15. Na4 Nc5 16. h5 Bd7 17. Kb1 Nxa4 18. bxa4 Bxa4 19. f4 Rc8 20. Rh2 Qb7 21. b3
Bd7 22. Bc1 a5 23. f5 e5 24. f6 gxf6 25. gxf6 Bxf6 26. Rf2 Be7 27. Nf5 Bxf5 28.
exf5 a4 29. h6 axb3 30. cxb3 1/2-1/2

[Event "EU-ch (Women) 11th"]
[Site "Rijeka"]
[Date "2010.03.06"]
[Round "1.47"]
[White "Ziaziulkina, Nastassia"]
[Black "Severiukhina, Zoja"]
[Result "1-0"]
[WhiteElo "2188"]
[BlackElo "2355"]
[PlyCount "117"]
[EventDate "2010.03.06"]
[EventType "swiss"]
[EventRounds "11"]
[EventCountry "CRO"]
[SourceDate "2010.03.06"]

1. e4 c5 2. Nf3 d6 3. d4 cxd4 4. Nxd4 Nf6 5. Nc3 Nc6 6. Bg5 e6 7. Qd2 Be7 8.
O-O-O a6 9. f4 Nxd4 10. Qxd4 b5 11. Be2 Bb7 12. Bf3 O-O 13. e5 Bxf3 14. exf6
gxf6 15. gxf3 fxg5 16. Ne4 d5 17. Nxg5 Bf6 18. Qd3 Bxg5 19. Rhg1 Qf6 20. fxg5
Qg6 21. f4 Rac8 22. f5 exf5 23. Rgf1 Rc4 24. Qxf5 Rfc8 25. Rd2 d4 26. Qxg6+
hxg6 27. Rf3 R8c5 28. Rdf2 Rc7 29. Rd3 Re7 30. Kd2 Rec7 31. Kd1 Ra4 32. a3 a5
33. Kc1 Rac4 34. Rfd2 Rd7 35. h4 a4 36. Kb1 f5 37. gxf6 Kf7 38. b3 axb3 39.
cxb3 Rc5 40. Rxd4 Rxd4 41. Rxd4 Kxf6 42. Rg4 Rc3 43. Kb2 Rh3 44. a4 bxa4 45.
bxa4 Ke5 46. a5 Kd6 47. Rxg6+ Kc7 48. Rh6 Kb7 49. a6+ Ka7 50. Kc2 Rg3 51. Kd2
Rh3 52. Ke2 Rh2+ 53. Kf3 Rh1 54. Kg2 Rc1 55. Re6 Rc3 56. h5 Rc5 57. h6 Rg5+ 58.
Kf3 Rg1 59. Kf4 1-0

[Event "EU-ch (Women) 11th"]
[Site "Rijeka"]
[Date "2010.03.06"]
[Round "1.48"]
[White "Motoc, Alina"]
[Black "Kopinits, Anna Christina"]
[Result "1-0"]
[WhiteElo "2348"]
[BlackElo "2183"]
[PlyCount "73"]
[EventDate "2010.03.06"]
[EventType "swiss"]
[EventRounds "11"]
[EventCountry "CRO"]
[SourceDate "2010.03.06"]

1. d4 Nf6 2. c4 e6 3. Nc3 Bb4 4. Qc2 d5 5. cxd5 exd5 6. Bg5 c5 7. dxc5 h6 8.
Bh4 g5 9. Bg3 Ne4 10. Bxb8 Bxc3+ 11. bxc3 Rxb8 12. Qa4+ Bd7 13. Qd4 O-O 14. f3
Nf6 15. g4 Qe7 16. h4 Rfc8 17. hxg5 hxg5 18. Rh6 Rc6 19. Nh3 Nh7 20. Rh5 Rg6
21. Rd1 Bc6 22. e3 Re8 23. Bd3 Qxe3+ 24. Qxe3 Rxe3+ 25. Kd2 Rxf3 26. Bxg6 fxg6
27. Rxh7 Rg3 28. Rc7 Rxh3 29. Re1 Kf8 30. Re5 Rh2+ 31. Ke3 Rxa2 32. Rxg5 Be8
33. Rxd5 Rg2 34. Rd8 Rg3+ 35. Kf4 Rg1 36. Rxb7 a5 37. c6 1-0

[Event "EU-ch (Women) 11th"]
[Site "Rijeka"]
[Date "2010.03.06"]
[Round "1.49"]
[White "Trofimova, Antonina"]
[Black "Nikolova, Adriana"]
[Result "1/2-1/2"]
[WhiteElo "2182"]
[BlackElo "2348"]
[PlyCount "120"]
[EventDate "2010.03.06"]
[EventType "swiss"]
[EventRounds "11"]
[EventCountry "CRO"]
[SourceDate "2010.03.06"]

1. e4 c5 2. Nf3 d6 3. Bc4 Nc6 4. O-O Nf6 5. d3 Bg4 6. h3 Bh5 7. Bb5 e6 8. Nbd2
Be7 9. Bxc6+ bxc6 10. b3 Nd7 11. Bb2 e5 12. Nc4 Nf8 13. a3 Ne6 14. b4 cxb4 15.
axb4 Ng5 16. Ncd2 Qc8 17. Kh2 f5 18. Qe1 Bxf3 19. Nxf3 Nxf3+ 20. gxf3 O-O 21.
Qe3 Bh4 22. d4 Qe6 23. dxe5 dxe5 24. Ra5 Bf6 25. exf5 Qxf5 26. Qe4 Bg5 27. Bxe5
Rae8 28. Qc4+ Qf7 29. Qxf7+ Rxf7 30. Bg3 Bd2 31. Rfa1 Bxb4 32. Rxa7 Rxf3 33.
Rc7 Bc5 34. Rxc6 Bxf2 35. Bxf2 Rxf2+ 36. Kg3 Rf7 37. c4 Re3+ 38. Kg2 h5 39. Ra5
h4 40. Rc8+ Rf8 41. Rxf8+ Kxf8 42. Ra7 Rg3+ 43. Kh2 Rc3 44. Rc7 Kg8 45. c5 Rc2+
46. Kg1 Kh7 47. c6 Kg6 48. Rc8 Kg5 49. c7 g6 50. Kf1 Rc1+ 51. Ke2 Rc3 52. Kd2
Rc6 53. Kd3 Rd6+ 54. Ke4 Rc6 55. Kd3 Rc1 56. Kd2 Rc4 57. Kd3 Rc6 58. Ke4 Rc3
59. Kd4 Rc1 60. Kd3 Rc6 1/2-1/2